A quel artiste appartient le morceau ? #1 - Statistiques

Statistiques générales
  • Ce quiz a été pris 408 fois
  • Le résultat moyen est 10 sur 15
Statistiques - réponses
Question Réponse % Correct
"Someone like you" (2011) Adele
100%
"Let it be" (1970) The Beatles
96%
"Paradise" (2011) Coldplay
91%
"Wonderwall" (1995) Oasis
91%
"Foule sentimentale" (1993) Alain Souchon
83%
"Still loving you" (1984) Scorpion
83%
"Grace Kelly" (2007) Mika
78%
"The sound of silence" (1964) Simon & Garfunkel
74%
"Qui de nous deux" (2003) Matthieu Chedid
61%
"All of me" (2014) John Legend
57%
"U-turn" (2004) Aaron
52%
"Like a hobo" (2009) Charlie Winston
52%
"Shape of my heart" (1993) Sting
48%
"Some nights" (2012) FUN.
30%
"Dream a little dream of me" (1931) Fabian Andre & Wilbur Schwandt
0%
Aucun quiz correspondant
Distribution des résultats
% des personnes avec chaque résultat
Percentile par nombre de réponses
Votre historique - résultats
Vous n’avez pas pris ce quiz